GARBHA VIJNANA (EMBNYOLOGY) (Record no. 7774)

MARC details
000 -LEADER
fixed length control field 00306nam a2200121Ia 4500
082 ## - DEWEY DECIMAL CLASSIFICATION NUMBER
Classification number 618.1
Item number G 14 S
100 ## - MAIN ENTRY--PERSONAL NAME
Personal name SATHUA,SIDHESWAR
245 ## - TITLE STATEMENT
Title GARBHA VIJNANA (EMBNYOLOGY)
260 ## - PUBLICATION, DISTRIBUTION, ETC. (IMPRINT)
Name of publisher, distributor, etc CHAUKHAMBHA PUB. NEW DELHI
Year of Publication 2014
300 ## - PAGE DESCRIPTION
No. of Pages 199
942 ## - ADDED ENTRY ELEMENTS (KOHA)
Source of classification or shelving scheme Dewey Decimal Classification
Koha item type Books
Holdings
Withdrawn status Lost status Source of classification or shelving scheme Damaged status Not for loan Collection code Home library Current library Date acquired Vendor Name Cost, normal purchase price SGTU Bill Number Total Checkouts Full call number Accession No. (Barcode) Date last seen Bill Date Koha item type Date last borrowed
    Dewey Decimal Classification     AYURVEDA SGT FA-FP Library SGT FA-FP Library 14/09/2015 CHAUKHAMBHA PUB. NEW DELHI 225.00 SGTU CP/B453   618.1 G 14 S FA886 24/03/2022 27/09/2014 Books  
    Dewey Decimal Classification     AYURVEDA SGT FA-FP Library SGT FA-FP Library 14/09/2015 CHAUKHAMBHA PUB. NEW DELHI 225.00 SGTU CP/B453   618.1 G 14 S FA887 14/09/2015 27/09/2014 Books  
    Dewey Decimal Classification     AYURVEDA SGT FA-FP Library SGT FA-FP Library 14/09/2015 CHAUKHAMBHA PUB. NEW DELHI 225.00 SGTU CP/B453   618.1 G 14 S FA888 14/09/2015 27/09/2014 Books  
    Dewey Decimal Classification     AYURVEDA SGT FA-FP Library SGT FA-FP Library 14/09/2015 CHAUKHAMBHA PUB. NEW DELHI 225.00 SGTU CP/B453 2 618.1 G 14 S FA889 06/10/2018 27/09/2014 Books 24/09/2018
    Dewey Decimal Classification     AYURVEDA SGT FA-FP Library SGT FA-FP Library 14/09/2015 CHAUKHAMBHA PUB. NEW DELHI 225.00 SGTU CP/B453   618.1 G 14 S FA890 14/09/2015 27/09/2014 Books